• 首页
  • 本馆介绍
  • 公告通知
  • 最新文献
  • 馆藏检索
  • 电子资源
  • 读者导购
  • 参考咨询
  • 我的图书馆
  • 登录
  • 详细信息显示
  • 放入我的书架
  • 预约/预借图书
  • 作者相关作品
  • 分类相关作品
  • 丛书相关作品
  • 出版社相关作品

书目信息

  • 表格格式
  • 工作单格式
  • 卡片格式
题名:
李卓吾传
    
 
作者: 傅秋涛 著
分册:  
出版信息: 长沙   湖南人民出版社  2007
页数: 645页
开本: 21cm
丛书名:
单 册:
中图分类: B248.915
科图分类:
主题词:
电子资源:
ISBN: 978-7-5438-4875-7
000 00767nam0 2200229 450
001 1152251257
005 20111004095558.23
010    @a978-7-5438-4875-7@dCNY40.00
100    @a20070226d2007 em y0chiy50 ea
101 0  @achi
102    @aCN@b430000
105    @ay z 000yb
200 1  @a李卓吾传@9li zhuo wu zhuan@f傅秋涛著
210    @a长沙@c湖南人民出版社@d2007
215    @a645页@d21cm
330    @a本书为李卓吾传记,分为世俗生活、学者事业、终极追求三部分,包括:“余自幼倔强难化”、“长于海,丐食于卫”、“就学于燕,访友于白下”等十五章内容。
600  0 @a李贽@f(1527~1602)@x传记
600  0 @a李贽@f(1527~1602)
690    @aB248.915@v4
701  0 @a傅秋涛@9fu qiu tao@c(博士生)@4著
801  0 @aCN@b91MARC@c20101222
905    @a10447@dB248.915@eJY216
    
    李卓吾传/傅秋涛著.-长沙:湖南人民出版社,2007
    645页;21cm
    
    
    ISBN 978-7-5438-4875-7:CNY40.00
    本书为李卓吾传记,分为世俗生活、学者事业、终极追求三部分,包括:“余自幼倔强难化”、“长于海,丐食于卫”、“就学于燕,访友于白下”等十五章内容。
●
相关链接 在E读中查询图书 在五车中查询图书 在当当中查询图书 在豆瓣中查询图书


正题名:李卓吾传     索取号:B248.915/JY216         预约/预借

序号 登录号 条形码 馆藏地/架位号 状态 备注
1 7824766   278247666   学院路分馆/ [索取号:B248.915/JY216] 在馆    
2 7824767   278247675   学院路分馆/ [索取号:B248.915/JY216] 在馆    
唐山师范学院图书馆 欢迎您!
大连网信软件有限公司© 版权所有